| 000 | 00713nam a2200205 i 4500 | ||
|---|---|---|---|
| 001 | 146244 | ||
| 003 | ES-MaACL | ||
| 005 | 20250930063125.0 | ||
| 007 | t| | ||
| 008 | 070905s1954 cu ||||1| spa d | ||
| 100 | 1 |
_aTorriente, Cosme de la, _dn. 1872 _9111040 |
|
| 245 | 1 | 0 |
_aJuan Gualberto Gómez / _cDiscurso leido por el académico de número Cosme de la Torriente y Peraza. |
| 260 |
_aLa Habana : _bSiglo XX, _c1954. |
||
| 300 |
_a79 p. : _bil. ; _c25 cm. |
||
| 500 | _aPrecede al tít.: Academia de la Historia de Cuba. | ||
| 600 | 1 | 4 |
_aGómez, Juan Gualberto. _957774 |
| 710 | 2 |
_aAcademia de la Historia de Cuba. _91183 |
|
| 852 |
_aES-MaACL _j1963-F-15 _bR.36754 |
||
| 999 |
_c146244 _d146244 |
||